Влияние кумароновых смол на стабильность трансформаторных масел: отчет о НИР

গ্রন্থ-পঞ্জীর বিবরন
সংস্থা লেখক: Всесоюзный теплотехнический научно-исследовательский институт им. Ф. Э. Дзержинского (ВТИ)
অন্যান্য লেখক: Иванов К. И. (исполнитель), Соловьева Н. В., Жаховская В. П.
সংক্ষিপ্ত:Работа выполнена по договору С Техотделом ВКЭС. План. наряд № 204
ভাষা:রুশ
প্রকাশিত: Москва, [Б. и.], 1941
বিষয়গুলি:
বিন্যাস: MixedMaterials গ্রন্থ
KOHA link:https://koha.lib.tpu.ru/cgi-bin/koha/opac-detail.pl?biblionumber=351058

MARC

LEADER 00000nbm0a2200000 4500
001 351058
005 20231102010351.0
035 |a (RuTPU)RU\TPU\retro\5490 
090 |a 351058 
100 |a 20190320d1941 k y0rusy50 ca 
101 0 |a rus 
102 |a RU 
105 |a y p 000zy 
200 1 |a Влияние кумароновых смол на стабильность трансформаторных масел  |e отчет о НИР  |f Всесоюзный теплотехнический научно-исследовательский институт им. Ф. Э. Дзержинского (ВТИ) ; авторы исслед. коллектива К. И. Иванов, Н. В. Соловьева, В. П. Жаховская 
210 |a Москва  |c [Б. и.]  |d 1941 
215 |a 18 л. 
300 |a Работа выполнена по договору С Техотделом ВКЭС. План. наряд № 204 
317 |5 63413507: КР-6394  |a Поступила в НТБ в 1987 г. в дар от вдовы ученого Е. К. Завадовской 
606 1 |a Трансформаторное масло  |2 stltpush  |3 (RuTPU)RU\TPU\subj\78665  |9 87864 
610 1 |a стабильность 
610 1 |a добавки 
610 1 |a кумароновые смолы 
610 1 |a отчеты о НИР 
610 1 |a библиотека А. А. Воробьева 
610 1 |a дары библиотеке 
610 1 |a трансформаторные масла 
675 |a 621.315.615.2(04)  |v 4 
702 1 |a Иванов  |b К. И.  |4 677 
702 1 |a Соловьева  |b Н. В.  |4 677 
702 1 |a Жаховская  |b В. П.  |4 677 
712 0 2 |a Всесоюзный теплотехнический научно-исследовательский институт им. Ф. Э. Дзержинского (ВТИ)  |c (Москва)  |c (1943-1991)  |2 stltpush  |3 (RuTPU)RU\TPU\col\3001 
801 1 |a RU  |b 63413507  |c 20190320 
801 2 |a RU  |b 63413507  |c 20190605  |g RCR 
942 |c BK